[Event "Nuremberg Zabo op 23rd"]
[Site "Nuremberg"]
[Date "2023.09.16"]
[Round "2"]
[White "Hiltner, Alfred"]
[Black "Schalaev, Seryozka"]
[Result "0-1"]
[WhiteElo "1600"]
[BlackElo "1760"]
[PlyCount "68"]
[EventDate "2023.09.15"]
[EventType "swiss"]
[EventRounds "5"]
[EventCountry "GER"]
[SourceTitle "CBM 216 Extra"]
[Source "ChessBase"]
[SourceDate "2023.11.30"]
[SourceVersion "1"]
[SourceVersionDate "2023.11.30"]
[SourceQuality "1"]

1. e4 e6 2. d4 d5 3. Nc3 Nf6 4. Bg5 Be7 5. e5 Nfd7 6. h4 h6 7. Bxe7 Qxe7 8. Qg4 Kf8 9. f4 Nc6 10. Nf3 a6 11. Bd3 Qb4 12. a3 Qxb2 13. Kd2 Qb6 14. Ne2 Ne7 15. Rhb1 Qa5+ 16. c3 c5 17. Ke3 Nb6 18. Qg3 Nc4+ 19. Bxc4 Nf5+ 20. Kf2 Nxg3 21. Kxg3 dxc4 22. Nd2 b5 23. Ne4 cxd4 24. Nxd4 Bb7 25. Nd6 Qxc3+ 26. Nf3 Bxf3 27. gxf3 g5 28. a4 gxf4+ 29. Kxf4 Qd2+ 30. Ke4 f5+ 31. Nxf5 Qd3+ 32. Kf4 Qxf5+ 33. Ke3 Qd3+ 34. Kf4 Ke7 0-1

[Event "Mittelfrank Regionalliga Nord-Ost 2223"]
[Site "Mittelfranken"]
[Date "2023.02.05"]
[Round "6.8"]
[White "Schalaev, Seryozka"]
[Black "Merdian, Nick"]
[Result "1-0"]
[WhiteElo "1870"]
[BlackElo "1758"]
[PlyCount "37"]
[EventDate "2022.10.09"]
[EventType "team-tourn"]
[EventRounds "9"]
[EventCountry "GER"]
[SourceTitle "EXT 2024"]
[Source "ChessBase"]
[SourceDate "2023.10.10"]
[SourceVersion "1"]
[SourceVersionDate "2023.10.10"]
[SourceQuality "1"]
[WhiteTeam "Nuernberg Jaeklechemie"]
[BlackTeam "Heng Postbauer"]
[WhiteTeamCountry "GER"]
[BlackTeamCountry "GER"]

1. d4 Nf6 2. Nf3 e6 3. Bf4 d5 4. e3 Bd6 5. Bg3 0-0 6. Nbd2 c5 7. c3 Nc6 8. Bd3 Re8 9. Ne5 Bxe5 10. dxe5 Nd7 11. f4 f5 12. Bf2 Nf8 13. Nf3 c4 14. Bc2 Bd7 15. Rg1 b5 16. g4 g6 17. gxf5 exf5 18. Qxd5+ Kg7 19. Bh4 1-0